[Event "Winnipeg op"]
[Site "Winnipeg CAN"]
[Date "1998.06.13"]
[Round "2"]
[White "Walker, Sean"]
[Black "Khedkar, Jay"]
[Result "0-1"]
[WhiteElo "1486"]
[BlackElo "2038"]
[PlyCount "74"]
[GameId "2160767911872895"]
[EventDate "1998.06.12"]
[EventType "swiss"]
[EventRounds "5"]
[EventCountry "CAN"]

1. e4 c5 2. Nf3 d6 3. d4 cxd4 4. Nxd4 Nf6 5. Nc3 a6 6. Bd3 Nc6 7. Nf3 b5 8. a3 e6 9. Bg5 h6 10. Bh4 Be7 11. O-O Bb7 12. Re1 Qc7 13. Qe2 O-O 14. e5 dxe5 15. Nxe5 Nxe5 16. Qxe5 Bd6 17. Qd4 Rad8 18. g3 Bxg3 19. Bxg3 Qxg3+ 20. fxg3 Rxd4 21. Ne2 Rd6 22. Rad1 Rfd8 23. Rd2 e5 24. Nc3 e4 25. Nxe4 Bxe4 26. Re3 Bxd3 27. Rdxd3 Rxd3 28. Rxd3 Rxd3 29. cxd3 Kf8 30. Kf2 Ke7 31. h3 Ke6 32. Ke3 Ke5 33. Kd2 Kd4 34. Ke2 Nd5 35. Kd2 f5 36. Ke2 f4 37. gxf4 Nxf4+ 0-1

[Event "Winnipeg op"]
[Site "Winnipeg CAN"]
[Date "1998.06.13"]
[Round "2"]
[White "Wierda, John"]
[Black "Ott, Richard"]
[Result "1-0"]
[WhiteElo "1826"]
[BlackElo "1543"]
[PlyCount "77"]
[GameId "2160767911872896"]
[EventDate "1998.06.12"]
[EventType "swiss"]
[EventRounds "5"]
[EventCountry "CAN"]

1. e4 c5 2. c3 e6 3. d4 cxd4 4. cxd4 d5 5. e5 Bb4+ 6. Nc3 Bd7 7. a3 Ba5 8. f4 Nh6 9. Nf3 O-O 10. Bd3 Nc6 11. O-O Nf5 12. Bxf5 exf5 13. Nxd5 Be6 14. Nc3 Bb6 15. Be3 Ne7 16. Bf2 Qd7 17. Qd3 Rac8 18. Rfd1 Bc4 19. Qc2 Qe6 20. Rd2 Qh6 21. g3 Bd5 22. Qd3 Bc4 23. Qc2 Qh5 24. Qd1 Rc6 25. d5 Bxf2+ 26. Rxf2 Rg6 27. b3 Ba6 28. d6 Nc6 29. Qd5 Qg4 30. Nd4 Nxd4 31. Qxd4 h5 32. Nd5 Rh6 33. Re1 h4 34. Re3 hxg3 35. Rxg3 Qh4 36. e6 f6 37. e7 Rc8 38. Nc7 g5 39. d7 1-0

[Event "Winnipeg op"]
[Site "Winnipeg CAN"]
[Date "1998.06.13"]
[Round "3"]
[White "Baragar, Fletcher"]
[Black "Gentes, Kevin"]
[Result "1/2-1/2"]
[WhiteElo "2360"]
[BlackElo "2386"]
[PlyCount "50"]
[GameId "2160767911872897"]
[EventDate "1998.06.12"]
[EventType "swiss"]
[EventRounds "5"]
[EventCountry "CAN"]

1. e4 c5 2. Nf3 d6 3. Bb5+ Bd7 4. Bxd7+ Qxd7 5. O-O Nf6 6. Re1 e6 7. b3 Be7 8. c3 O-O 9. Bb2 Nc6 10. d3 b5 11. Nbd2 Qb7 12. Nf1 c4 13. Ng3 cxd3 14. Qxd3 Ne5 15. Qe2 Nxf3+ 16. Qxf3 a5 17. Ba3 b4 18. Bb2 bxc3 19. Bxc3 a4 20. Rab1 axb3 21. Rxb3 Qc6 22. Nh5 Nxh5 23. Qxh5 e5 24. Qe2 Qa4 25. Rb2 Rfc8 1/2-1/2

[Event "Winnipeg op"]
[Site "Winnipeg CAN"]
[Date "1998.06.13"]
[Round "3"]
[White "Boron, Anthony"]
[Black "Trueman, Francis"]
[Result "1-0"]
[WhiteElo "1883"]
[BlackElo "1459"]
[PlyCount "57"]
[GameId "2160767911872898"]
[EventDate "1998.06.12"]
[EventType "swiss"]
[EventRounds "5"]
[EventCountry "CAN"]

1. e4 c6 2. d3 d5 3. Nd2 Nd7 4. Ngf3 dxe4 5. Nxe4 Ngf6 6. Bf4 e6 7. Nd6+ Bxd6 8. Bxd6 Qb6 9. Ba3 c5 10. Be2 O-O 11. O-O Re8 12. Ng5 Ne5 13. b3 h6 14. Nf3 Ng6 15. Bb2 e5 16. Nd2 Nf4 17. Nc4 Qc7 18. Bf3 g5 19. Bxe5 Rxe5 20. Nxe5 Qxe5 21. Qe1 Qc7 22. Qd2 g4 23. Be4 h5 24. Rae1 Be6 25. f3 Ng6 26. Bxg6 Kg7 27. Be4 h4 28. Qg5+ Kf8 29. Qxf6 1-0

[Event "Winnipeg op"]
[Site "Winnipeg CAN"]
[Date "1998.06.13"]
[Round "3"]
[White "Federkevic, Danny"]
[Black "Remillard, John"]
[Result "1-0"]
[WhiteElo "1974"]
[BlackElo "1607"]
[PlyCount "93"]
[GameId "2160767911872899"]
[EventDate "1998.06.12"]
[EventType "swiss"]
[EventRounds "5"]
[EventCountry "CAN"]

1. e4 e5 2. Nf3 d6 3. d4 exd4 4. Nxd4 Be7 5. Nc3 Bd7 6. Bc4 Nc6 7. Be3 Nxd4 8. Bxd4 Bf6 9. Nd5 Be6 10. Qd3 c6 11. Nxf6+ Nxf6 12. O-O-O Bxc4 13. Qxc4 O-O 14. f3 Nh5 15. h4 Re8 16. Rd2 Nf4 17. g3 Ne6 18. Be5 Qa5 19. Bxd6 Rad8 20. Rhd1 b5 21. Bb4 Rxd2 22. Rxd2 Qb6 23. Qf1 Rd8 24. Rxd8+ Qxd8 25. Bc3 Qb6 26. g4 a5 27. b3 a4 28. Be1 axb3 29. axb3 Qc5 30. Bf2 Qc3 31. Qd3 Qxd3 32. cxd3 Kf8 33. Kd2 Ke7 34. Kc3 g6 35. Be3 h5 36. Kb4 Kd7 37. d4 Kd6 38. d5 cxd5 39. exd5 Kxd5 40. Kxb5 f5 41. gxh5 gxh5 42. b4 Nf8 43. Ka6 Ng6 44. b5 Nxh4 45. b6 Ng6 46. b7 Ne7 47. b8=Q 1-0

[Event "Winnipeg op"]
[Site "Winnipeg CAN"]
[Date "1998.06.13"]
[Round "3"]
[White "Gushuliak, Justin"]
[Black "Herkert, Dean"]
[Result "1-0"]
[WhiteElo "1817"]
[BlackElo "1710"]
[PlyCount "117"]
[GameId "2160767911872900"]
[EventDate "1998.06.12"]
[EventType "swiss"]
[EventRounds "5"]
[EventCountry "CAN"]

1. e4 Nf6 2. e5 Nd5 3. d4 d6 4. Nf3 Bg4 5. Be2 Nc6 6. exd6 cxd6 7. h3 Bxf3 8. Bxf3 Nf6 9. Bg5 Qa5+ 10. Bd2 Qb6 11. Bc3 d5 12. O-O e6 13. Qd2 Bd6 14. Re1 O-O 15. a4 a6 16. Na3 Qc7 17. b4 Qe7 18. Reb1 Rfc8 19. Rb3 Nd7 20. b5 Nd8 21. Be2 Nf6 22. Bd3 axb5 23. Nxb5 Nc6 24. Nxd6 Qxd6 25. Rxb7 Re8 26. Rb6 Nd7 27. Rb3 e5 28. dxe5 Ndxe5 29. Bb5 Qg6 30. Kf1 d4 31. Bb2 Rac8 32. Rg3 Qd6 33. Ba3 Qd5 34. Rc3 Red8 35. Rc5 Qe6 36. Qe2 Rd5 37. Re1 Rxc5 38. Bxc5 Qd5 39. Bxc6 Qxc5 40. Qxe5 Qxc6 41. Qxd4 Qxc2 42. Qd7 Qc4+ 43. Kg1 g6 44. Re8+ Rxe8 45. Qxe8+ Kg7 46. Qe5+ Kg8 47. a5 Qc1+ 48. Kh2 Qf1 49. Qb8+ Kg7 50. Qb6 h5 51. a6 Qc4 52. Qd6 Qa4 53. Qe5+ Kh6 54. f4 Kh7 55. Qf6 Qd7 56. Qb6 Qd2 57. Qb8 Qc3 58. a7 h4 59. f5 1-0

[Event "Winnipeg op"]
[Site "Winnipeg CAN"]
[Date "1998.06.13"]
[Round "3"]
[White "Huggan, Philip"]
[Black "Andersen, Sune"]
[Result "0-1"]
[WhiteElo "1543"]
[BlackElo "2019"]
[PlyCount "70"]
[GameId "2160767911872901"]
[EventDate "1998.06.12"]
[EventType "swiss"]
[EventRounds "5"]
[EventCountry "CAN"]

1. e4 c5 2. f4 Nc6 3. Nf3 g6 4. d4 cxd4 5. Nxd4 Bg7 6. Nb3 d6 7. c3 Nf6 8. e5 dxe5 9. Qxd8+ Nxd8 10. fxe5 Ng4 11. Bb5+ Nc6 12. Bxc6+ bxc6 13. Nd4 Nxe5 14. O-O Bb7 15. Bf4 Nd3 16. Nb3 Ba6 17. Bc1 Rd8 18. Rd1 O-O 19. Na3 Rb8 20. Rb1 e5 21. Be3 Rb7 22. c4 e4 23. Rxd3 exd3 24. Nc5 Rxb2 25. Nxa6 Rxa2 26. Bc5 Rd8 27. Nb4 d2 28. Nxa2 d1=Q+ 29. Rxd1 Rxd1+ 30. Kf2 Rd2+ 31. Kf3 Rxa2 32. h4 Bf8 33. Bxf8 Kxf8 34. Nb1 a5 35. g4 Rb2 0-1

[Event "Winnipeg op"]
[Site "Winnipeg CAN"]
[Date "1998.06.13"]
[Round "3"]
[White "Milord, Frank"]
[Black "Wierda, John"]
[Result "0-1"]
[WhiteElo "1615"]
[BlackElo "1826"]
[PlyCount "58"]
[GameId "2160767911872903"]
[EventDate "1998.06.12"]
[EventType "swiss"]
[EventRounds "5"]
[EventCountry "CAN"]

1. d4 Nf6 2. c4 c5 3. d5 b5 4. cxb5 a6 5. b6 d6 6. Nc3 Nbd7 7. e4 Nxb6 8. Be2 g6 9. Nf3 Bb7 10. O-O Bg7 11. h3 O-O 12. Qc2 Qc7 13. Be3 Rfe8 14. Nd2 Rac8 15. Nc4 Nxc4 16. Bxc4 Nd7 17. Be2 e6 18. Bf3 Ne5 19. Be2 h6 20. Qd2 Kh7 21. f4 Nd7 22. dxe6 fxe6 23. f5 exf5 24. exf5 Rxe3 25. fxg6+ Kh8 26. Rf7 Qc6 27. Bf3 Rxf3 28. Rxf3 Ne5 29. Rg3 d5 0-1

[Event "Winnipeg op"]
[Site "Winnipeg CAN"]
[Date "1998.06.13"]
[Round "3"]
[White "Ott, Richard"]
[Black "Walker, Sean"]
[Result "1-0"]
[WhiteElo "1543"]
[BlackElo "1486"]
[PlyCount "51"]
[GameId "2160767911872904"]
[EventDate "1998.06.12"]
[EventType "swiss"]
[EventRounds "5"]
[EventCountry "CAN"]

1. d4 d5 2. c4 Nf6 3. cxd5 Nxd5 4. h3 c6 5. e4 Nf6 6. Nc3 h6 7. Nf3 e6 8. Be2 Bb4 9. Bd2 Bxc3 10. Bxc3 Nxe4 11. Bb4 Qb6 12. Ba3 Nd7 13. Qd3 Nef6 14. O-O Nd5 15. Nh4 Nf4 16. Qe4 Nxe2+ 17. Qxe2 Qxd4 18. Nf5 Qf6 19. Nd6+ Kd8 20. Rfd1 Kc7 21. Rac1 a6 22. Qd2 b6 23. Ne4 Qg6 24. Qd6+ Kb7 25. Qxc6+ Ka7 26. Rxd7+ 1-0

[Event "Winnipeg op"]
[Site "Winnipeg CAN"]
[Date "1998.06.13"]
[Round "3"]
[White "Proulx, Roy"]
[Black "Sekhar, Ganesan"]
[Result "0-1"]
[WhiteElo "1571"]
[BlackElo "1940"]
[PlyCount "92"]
[GameId "2160767911872905"]
[EventDate "1998.06.12"]
[EventType "swiss"]
[EventRounds "5"]
[EventCountry "CAN"]

1. e4 g6 2. d4 d6 3. Nf3 Bg7 4. Nc3 c6 5. Be3 Nf6 6. Qd2 Ng4 7. Bf4 O-O 8. O-O-O b5 9. h3 Nf6 10. Bd3 Qa5 11. Kb1 b4 12. Ne2 Na6 13. e5 Be6 14. b3 Nd5 15. exd6 Nc3+ 16. Nxc3 bxc3 17. Qc1 exd6 18. Bxd6 Nb4 19. a3 Nxd3 20. Rxd3 Rfb8 21. Bxb8 Rxb8 22. Ka2 Bf5 23. Qf4 Bf8 24. Qc1 Bxd3 25. cxd3 Rb6 26. Ne5 Ra6 27. Nc4 Qf5 28. Qe3 c5 29. Re1 Re6 30. Ne5 f6 31. g4 Qg5 32. Qxg5 fxg5 33. Nf3 Rxe1 34. Nxe1 cxd4 35. Nc2 Bg7 36. b4 Kf7 37. Kb3 Ke6 38. Kc4 Ke5 39. a4 Kf4 40. Ne1 h5 41. gxh5 gxh5 42. b5 h4 43. a5 g4 44. b6 axb6 45. Ng2+ Kg5 46. hxg4 c2 0-1

[Event "Winnipeg op"]
[Site "Winnipeg CAN"]
[Date "1998.06.14"]
[Round "4"]
[White "Andersen, Sune"]
[Black "Federkevic, Danny"]
[Result "1-0"]
[WhiteElo "2019"]
[BlackElo "1974"]
[PlyCount "67"]
[GameId "2160767911872906"]
[EventDate "1998.06.12"]
[EventType "swiss"]
[EventRounds "5"]
[EventCountry "CAN"]

1. e4 e5 2. Nf3 Nc6 3. Bc4 Bc5 4. c3 Nf6 5. b4 Bb6 6. d3 d6 7. a4 a6 8. O-O O-O 9. Qb3 h6 10. Nbd2 Bg4 11. h3 Bh5 12. a5 Ba7 13. b5 axb5 14. Qxb5 Qc8 15. Bb2 Ne7 16. Ba3 Ng6 17. Rfb1 Nf4 18. Kf1 Nxh3 19. Qxb7 Qg4 20. gxh3 Qxh3+ 21. Ke2 Qg2 22. Kd1 Bxf3+ 23. Kc2 Rfc8 24. Rg1 Qxf2 25. Rgf1 Qe2 26. Rae1 Qg2 27. Rxf3 h5 28. Kd1 h4 29. d4 h3 30. Bf1 Qh2 31. Bxh3 Rcb8 32. Qxc7 exd4 33. Bxd6 dxc3 34. Bxh2 1-0

[Event "Winnipeg op"]
[Site "Winnipeg CAN"]
[Date "1998.06.14"]
[Round "4"]
[White "Gentes, Kevin"]
[Black "Gibbons, Michael"]
[Result "1-0"]
[WhiteElo "2386"]
[BlackElo "2079"]
[PlyCount "47"]
[GameId "2160767911872907"]
[EventDate "1998.06.12"]
[EventType "swiss"]
[EventRounds "5"]
[EventCountry "CAN"]

1. g3 e5 2. Bg2 d5 3. Nf3 Nc6 4. O-O Be6 5. d3 h6 6. c4 Nf6 7. cxd5 Nxd5 8. b3 Bd6 9. Bb2 Qd7 10. Re1 O-O 11. Nbd2 Rfe8 12. a3 Rad8 13. b4 a6 14. Rc1 Bh3 15. Bh1 Kh8 16. Ne4 f5 17. Nc5 Bxc5 18. Rxc5 e4 19. dxe4 fxe4 20. Nh4 Qf7 21. Qc2 e3 22. fxe3 Nxe3 23. Qg6 Qe7 24. Be4 1-0

[Event "Winnipeg op"]
[Site "Winnipeg CAN"]
[Date "1998.06.14"]
[Round "4"]
[White "Gushuliak, Justin"]
[Black "Milord, Frank"]
[Result "1/2-1/2"]
[WhiteElo "1817"]
[BlackElo "1615"]
[PlyCount "78"]
[GameId "2160767911872908"]
[EventDate "1998.06.12"]
[EventType "swiss"]
[EventRounds "5"]
[EventCountry "CAN"]

1. e4 c5 2. Nf3 d6 3. d4 cxd4 4. Nxd4 Nf6 5. Nc3 a6 6. a4 Nc6 7. Be3 Ng4 8. Bg5 h6 9. Bh4 Qb6 10. Nb3 Na5 11. Nd5 Qd8 12. Nd4 Nc6 13. c3 g5 14. Bg3 Bg7 15. Be2 Nxd4 16. cxd4 Nf6 17. Nxf6+ Bxf6 18. a5 b5 19. O-O Bb7 20. Bf3 h5 21. Bxh5 Bxe4 22. Re1 Bd5 23. Bg4 Kf8 24. Qd2 e6 25. Qb4 Be7 26. Rac1 f5 27. Bf3 Bxf3 28. gxf3 f4 29. Rxe6 fxg3 30. hxg3 d5 31. Qb3 Rc8 32. Rce1 Rc7 33. Qd3 Qe8 34. Qf5+ Qf7 35. Qxd5 Qh5 36. Qa8+ Kf7 37. Rxe7+ Rxe7 38. Qd5+ Ke8 39. Qa8+ Kf7 1/2-1/2

[Event "Winnipeg op"]
[Site "Winnipeg CAN"]
[Date "1998.06.14"]
[Round "4"]
[White "Ott, Richard"]
[Black "Boron, Anthony"]
[Result "0-1"]
[WhiteElo "1543"]
[BlackElo "1883"]
[PlyCount "66"]
[GameId "2160767911872909"]
[EventDate "1998.06.12"]
[EventType "swiss"]
[EventRounds "5"]
[EventCountry "CAN"]

1. d4 Nf6 2. c4 c5 3. d5 b5 4. cxb5 a6 5. b6 g6 6. Nc3 Qxb6 7. e4 d6 8. a4 Bg7 9. a5 Qc7 10. Bc4 O-O 11. f4 e6 12. Nge2 Re8 13. O-O Bb7 14. Qd3 Nbd7 15. Bd2 exd5 16. Bxd5 Nxd5 17. exd5 c4 18. Qf3 Nf6 19. Kh1 Qc5 20. Ng3 Bxd5 21. Nxd5 Qxd5 22. Bc3 Qxf3 23. Rxf3 Ne4 24. Bxg7 Nxg3+ 25. Rxg3 Kxg7 26. b3 Rac8 27. bxc4 Rxc4 28. Rd3 Ra4 29. Rg1 Rd8 30. g3 Rxa5 31. g4 d5 32. h4 d4 33. h5 Rb5 0-1

[Event "Winnipeg op"]
[Site "Winnipeg CAN"]
[Date "1998.06.14"]
[Round "4"]
[White "Sekhar, Ganesan"]
[Black "Khedkar, Jay"]
[Result "1/2-1/2"]
[WhiteElo "1940"]
[BlackElo "2038"]
[PlyCount "55"]
[GameId "2160767911872910"]
[EventDate "1998.06.12"]
[EventType "swiss"]
[EventRounds "5"]
[EventCountry "CAN"]

1. Nf3 Nf6 2. g3 e6 3. Bg2 d5 4. c4 c5 5. O-O Be7 6. b3 Nc6 7. d3 O-O 8. Nc3 b6 9. Bd2 Bb7 10. Rb1 Rc8 11. a3 Qd7 12. Qc2 Rfd8 13. Bf4 Nd4 14. Qa2 Nxf3+ 15. Bxf3 dxc4 16. Bxb7 cxb3 17. Qxb3 Qxb7 18. Nb5 Nd5 19. Be5 a6 20. Nc3 f6 21. e4 c4 22. dxc4 Nxc3 23. Bxc3 Qxe4 24. Rfe1 Qxc4 25. Rxe6 Bxa3 26. Rxb6 Qxb3 27. R1xb3 Rd6 28. Ba5 1/2-1/2

[Event "Winnipeg op"]
[Site "Winnipeg CAN"]
[Date "1998.06.14"]
[Round "4"]
[White "Wierda, John"]
[Black "Baragar, Fletcher"]
[Result "0-1"]
[WhiteElo "1826"]
[BlackElo "2360"]
[PlyCount "64"]
[GameId "2160767911872911"]
[EventDate "1998.06.12"]
[EventType "swiss"]
[EventRounds "5"]
[EventCountry "CAN"]

1. e4 c5 2. c3 e6 3. d4 d5 4. e5 Nc6 5. Nf3 Bd7 6. a3 Rc8 7. Be3 cxd4 8. cxd4 Nge7 9. Bd3 Qb6 10. b4 Nf5 11. Bxf5 exf5 12. O-O Be7 13. Qd3 O-O 14. Nc3 Be6 15. Rfc1 Qd8 16. Na4 b6 17. Rc3 Qd7 18. Rac1 Nxb4 19. axb4 Qxa4 20. Ra3 Rxc1+ 21. Bxc1 Qd7 22. Rb3 Rc8 23. Rb1 Qa4 24. Bd2 a6 25. h3 Bd7 26. Rb3 Rc4 27. Qb1 Qc6 28. Qa2 Qc8 29. Rb2 Bb5 30. Qb1 h6 31. Be3 g5 32. Nd2 Rc1+ 0-1

[Event "Winnipeg op"]
[Site "Winnipeg CAN"]
[Date "1998.06.14"]
[Round "5"]
[White "Andersen, Sune"]
[Black "Gentes, Kevin"]
[Result "0-1"]
[WhiteElo "2019"]
[BlackElo "2386"]
[PlyCount "51"]
[GameId "2160767911872912"]
[EventDate "1998.06.12"]
[EventType "swiss"]
[EventRounds "5"]
[EventCountry "CAN"]

1. e4 c5 2. c3 e6 3. d4 d5 4. exd5 exd5 5. Nf3 Nc6 6. Be3 c4 7. b3 cxb3 8. axb3 Bd6 9. Bd3 Nge7 10. Qc2 h6 11. O-O Bg4 12. Nbd2 Rc8 13. Qb1 O-O 14. h3 Be6 15. Rc1 f5 16. Nf1 f4 17. Bd2 Qd7 18. b4 b6 19. c4 dxc4 20. Bxc4 Bxc4 21. Rxc4 b5 22. Rc1 Bc7 23. Rc5 Bb6 24. Rxb5 Nxd4 25. Re5 Nxf3+ 26. gxf3 0-1

[Event "Winnipeg op"]
[Site "Winnipeg CAN"]
[Date "1998.06.14"]
[Round "5"]
[White "Baragar, Fletcher"]
[Black "Khedkar, Jay"]
[Result "1-0"]
[WhiteElo "2360"]
[BlackElo "2038"]
[PlyCount "81"]
[GameId "2160767911872913"]
[EventDate "1998.06.12"]
[EventType "swiss"]
[EventRounds "5"]
[EventCountry "CAN"]

1. e4 c5 2. Nf3 d6 3. Bb5+ Bd7 4. Bxd7+ Qxd7 5. O-O Nc6 6. c3 Nf6 7. Re1 e6 8. d4 cxd4 9. cxd4 Be7 10. Nc3 O-O 11. d5 Ne5 12. Nxe5 dxe5 13. Bg5 Rad8 14. Bxf6 Bxf6 15. Qb3 Rfe8 16. Red1 b6 17. a4 Qb7 18. Rd3 exd5 19. Nxd5 Rd6 20. Rad1 g6 21. Qb5 Qb8 22. Rc1 Rc8 23. Rdc3 Rxc3 24. Rxc3 Kg7 25. Qa6 Rd7 26. Rc6 Be7 27. Kf1 Qb7 28. Qxb7 Rxb7 29. Ke2 Rd7 30. Kd3 Bc5 31. f3 h5 32. Kc4 h4 33. h3 Rd8 34. Rc7 Bd4 35. b4 a5 36. b5 Rd6 37. Rc6 Bc5 38. Rxd6 Bxd6 39. Nxb6 Kf6 40. Nd5+ Ke6 41. b6 1-0

[Event "Winnipeg op"]
[Site "Winnipeg CAN"]
[Date "1998.06.14"]
[Round "5"]
[White "Federkevic, Danny"]
[Black "Huggan, Philip"]
[Result "1/2-1/2"]
[WhiteElo "1974"]
[BlackElo "1543"]
[PlyCount "61"]
[GameId "2160767911872914"]
[EventDate "1998.06.12"]
[EventType "swiss"]
[EventRounds "5"]
[EventCountry "CAN"]

1. e4 d5 2. exd5 Nf6 3. d4 Nxd5 4. Nf3 Bg4 5. Be2 Nc6 6. O-O Nf6 7. Be3 e6 8. h3 Bh5 9. Nbd2 a6 10. c3 Be7 11. Qb3 b5 12. a4 Na5 13. Qc2 c6 14. b4 Nb7 15. Nb3 Nd5 16. Nc5 Nxc5 17. bxc5 O-O 18. Qd2 Bxf3 19. Bxf3 Nxe3 20. Qxe3 Qc7 21. Qe4 Rfc8 22. axb5 axb5 23. Rxa8 Rxa8 24. Qxc6 Qxc6 25. Bxc6 Ra3 26. Bxb5 Rxc3 27. Ra1 h6 28. Ra8+ Kh7 29. Ra7 Bf6 30. Rd7 e5 31. dxe5 1/2-1/2

[Event "Winnipeg op"]
[Site "Winnipeg CAN"]
[Date "1998.06.14"]
[Round "5"]
[White "Gibbons, Michael"]
[Black "Boron, Anthony"]
[Result "0-1"]
[WhiteElo "2079"]
[BlackElo "1883"]
[PlyCount "52"]
[GameId "2160767911872915"]
[EventDate "1998.06.12"]
[EventType "swiss"]
[EventRounds "5"]
[EventCountry "CAN"]

1. Nf3 d5 2. b3 Nf6 3. Bb2 Bf5 4. e3 Nbd7 5. h3 e6 6. d3 Bd6 7. g4 Bg6 8. Be2 e5 9. Nh4 c6 10. Nf5 Bxf5 11. gxf5 Qb6 12. Nd2 O-O-O 13. a4 Kb8 14. a5 Qc7 15. Ra2 g6 16. fxg6 fxg6 17. Bg4 Rhf8 18. Qa1 Nxg4 19. hxg4 Nf6 20. f3 Qe7 21. O-O h5 22. gxh5 Nxh5 23. Qe1 Qg5+ 24. Kf2 e4 25. Rg1 Bg3+ 26. Rxg3 Qxg3+ 0-1

[Event "Winnipeg op"]
[Site "Winnipeg CAN"]
[Date "1998.06.14"]
[Round "5"]
[White "Wierda, John"]
[Black "Sekhar, Ganesan"]
[Result "0-1"]
[WhiteElo "1826"]
[BlackElo "1940"]
[PlyCount "77"]
[GameId "2160767911872916"]
[EventDate "1998.06.12"]
[EventType "swiss"]
[EventRounds "5"]
[EventCountry "CAN"]

1. e4 g6 2. d4 Bg7 3. c4 c5 4. d5 d6 5. Bd3 Na6 6. a3 Nf6 7. Ne2 O-O 8. O-O Nc7 9. Nbc3 a6 10. Bd2 Rb8 11. Rb1 b5 12. Ng3 Nd7 13. Be2 bxc4 14. Bxc4 Ne5 15. Be2 Nb5 16. Nxb5 axb5 17. Qc2 Qb6 18. h4 h5 19. Kh1 Ba6 20. Rfe1 Rfc8 21. Qd1 Qd8 22. f4 e6 23. Nxh5 Qxh4+ 24. Kg1 gxh5 25. dxe6 Ng4 26. exf7+ Kxf7 27. Bxg4 hxg4 28. b4 Rh8 29. e5 Bb7 30. Kf1 Qh1+ 31. Ke2 Qxg2+ 32. Kd3 c4+ 33. Kc3 dxe5 34. fxe5 Rh3+ 35. Kb2 Rh2 36. Kc1 Rd8 37. Rb2 Bh6 38. Rf1+ Bf3 39. Rxf3+ 0-1

[Event "Winnipeg op"]
[Site "Winnipeg CAN"]
[Date "1998.11.08"]
[Round "5"]
[White "Milord, Frank"]
[Black "Lukic, Luka"]
[Result "1/2-1/2"]
[WhiteElo "1725"]
[BlackElo "1947"]
[PlyCount "65"]
[GameId "2160767911872917"]
[EventDate "1998.06.12"]
[EventType "swiss"]
[EventRounds "5"]
[EventCountry "CAN"]

1. d4 d5 2. c4 e6 3. Nf3 Nf6 4. Nc3 Nbd7 5. e3 Be7 6. Bd3 a6 7. a3 dxc4 8. Bxc4 b5 9. Bd3 Bb7 10. O-O c5 11. Qe2 Qb6 12. Rd1 O-O 13. Bc2 Rfd8 14. e4 cxd4 15. Nxd4 e5 16. Nf3 Nf8 17. Nxe5 Qe6 18. Nf3 Rxd1+ 19. Qxd1 Nxe4 20. Nxe4 Bxe4 21. Be3 Rd8 22. Qe2 Bxc2 23. Qxc2 Qd5 24. h3 Bf6 25. Ne1 h6 26. Rc1 Qe5 27. Rb1 Ne6 28. Nf3 Qd5 29. Bb6 Qd3 30. Qxd3 Rxd3 31. Ba5 Rb3 32. Bb4 Rxb2 33. Nd2 1/2-1/2